Gas well deliquification / (Record no. 11024)
[ view plain ]
| 000 -LEADER | |
|---|---|
| fixed length control field | 01692cam a22003614a 4500 |
| 001 - CONTROL NUMBER | |
| control field | 15077051 |
| 005 - DATE AND TIME OF LATEST TRANSACTION | |
| control field | 20080505143132.0 |
| 008 - FIXED-LENGTH DATA ELEMENTS--GENERAL INFORMATION | |
| fixed length control field | 071109s2008 ne a b 001 0 eng |
| 010 ## - LIBRARY OF CONGRESS CONTROL NUMBER | |
| LC control number | 2007046020 |
| 020 ## - INTERNATIONAL STANDARD BOOK NUMBER | |
| International Standard Book Number | 9780750682800 (hardcover : alk. paper) |
| 020 ## - INTERNATIONAL STANDARD BOOK NUMBER | |
| International Standard Book Number | 0750682809 (hardcover : alk. paper) |
| 035 ## - SYSTEM CONTROL NUMBER | |
| System control number | (OCoLC)ocn144521789 |
| 035 ## - SYSTEM CONTROL NUMBER | |
| System control number | (OCoLC)144521789 |
| 040 ## - CATALOGING SOURCE | |
| Original cataloging agency | DLC |
| Transcribing agency | DLC |
| Modifying agency | BTCTA |
| -- | BAKER |
| -- | YDXCP |
| -- | C#P |
| -- | DLC |
| 050 00 - LIBRARY OF CONGRESS CALL NUMBER | |
| Classification number | TN880.2 |
| Item number | .L43 2008 |
| 082 00 - DEWEY DECIMAL CLASSIFICATION NUMBER | |
| Classification number | 622.3385 |
| Edition number | 22 |
| Item number | LEA |
| 100 1# - MAIN ENTRY--PERSONAL NAME | |
| Personal name | Lea, James Fletcher. |
| 245 10 - TITLE STATEMENT | |
| Title | Gas well deliquification / |
| Statement of responsibility, etc | James F. Lea, Henry V. Nickens, Mike R. Wells. |
| 250 ## - EDITION STATEMENT | |
| Edition statement | 2nd ed. |
| 260 ## - PUBLICATION, DISTRIBUTION, ETC. (IMPRINT) | |
| Place of publication, distribution, etc | Amsterdam ; |
| -- | Boston : |
| Name of publisher, distributor, etc | Gulf Professional Pub./Elsevier, |
| Date of publication, distribution, etc | c2008. |
| 300 ## - PHYSICAL DESCRIPTION | |
| Extent | xv, 588 p. : |
| Other physical details | ill. ; |
| Dimensions | 24 cm. |
| 440 #0 - | |
| -- | Gulf drilling guides |
| 504 ## - BIBLIOGRAPHY, ETC. NOTE | |
| Bibliography, etc | Includes bibliographical references and index. |
| 650 #0 - SUBJECT ADDED ENTRY--TOPICAL TERM | |
| Topical term or geographic name as entry element | Gas wells. |
| 700 1# - ADDED ENTRY--PERSONAL NAME | |
| Personal name | Nickens, Henry Valma, |
| Dates associated with a name | 1947- |
| 700 1# - ADDED ENTRY--PERSONAL NAME | |
| Personal name | Wells, Michael R. |
| 856 42 - ELECTRONIC LOCATION AND ACCESS | |
| Materials specified | Publisher description |
| Uniform Resource Identifier | <a href="http://www.loc.gov/catdir/enhancements/fy0833/2007046020-d.html">http://www.loc.gov/catdir/enhancements/fy0833/2007046020-d.html</a> |
| 942 ## - ADDED ENTRY ELEMENTS (KOHA) | |
| Source of classification or shelving scheme | Dewey Decimal Classification |
| Item type | Book - Borrowing |
| Withdrawn status | Item status | Source of classification or shelving scheme | Damaged status | Not for loan | Vendor | Home library | Current library | Shelving location | Date acquired | Source of acquisition | Cost, normal purchase price | Serial Enumeration / chronology | Total Checkouts | Full call number | Barcode | Date last seen | Koha item type | Total Renewals | Date last borrowed |
|---|---|---|---|---|---|---|---|---|---|---|---|---|---|---|---|---|---|---|---|
| Dewey Decimal Classification | Alahram | Central Library | Central Library | First floor | 08/03/2009 | 720.00 | 370 | 622.3385 LEA | 000015318 | 15/07/2025 | Book - Borrowing | ||||||||
| Dewey Decimal Classification | Baccah | Central Library | Central Library | First floor | 05/04/2009 | 624.00 | 7117 | 622.3385 LEA | 000015623 | 15/07/2025 | Book - Borrowing | ||||||||
| Dewey Decimal Classification | Alahram | Central Library | Central Library | First floor | 03/06/2009 | 720.00 | 351 | 1 | 622.3385 LEA | 000016574 | 15/07/2025 | Book - Borrowing | 1 | 15/09/2014 |